00407nam a2200109Ia 4500008004100000020001500041040002900056050002800085100002500113245012500138260003400263230222s9999||||xx |||||||||||||| ||und|| a9966777202 cChuka University Library aTHE HQ 777.5bN35 2015 aKiura, Benson Gituma 0aEvaluating constituency bursary funding as a method of financing secondary education.:A case of Nithi constituency,Kenya aChuka UniversitybChukac2015